[Event "Isthmia 2011"]
[Site "Vrachati"]
[Date "2011.08.23"]
[Round "7.13"]
[White "Kouvatsos, Filippos"]
[Black "Georgiadis, Ioannis"]
[Result "1/2-1/2"]
[WhiteElo "2152"]
[BlackElo "2464"]
[PlyCount "91"]
[EventDate "2011.08.18"]

1. d4 Nf6 2. c4 e6 3. Nf3 b6 4. e3 Bb7 5. Bd3 d5 6. O-O Bd6 7. Nc3 O-O 8. b3
Nbd7 9. Bb2 a6 10. Rc1 Qe7 11. cxd5 exd5 12. Ne2 Ne4 13. Rc2 c6 14. Qa1 Rae8
15. Qc1 a5 16. Ng3 f5 17. Rxc6 Bxc6 18. Qxc6 Qe6 19. Bb5 Nb8 20. Qxb6 Bxg3 21.
Qxe6+ Rxe6 22. hxg3 Rc8 23. Ne5 Rc2 24. Rc1 Rxc1+ 25. Bxc1 Rb6 26. Bd3 g6 27.
g4 fxg4 28. Bxe4 dxe4 29. Ba3 Kg7 30. Bc5 Ra6 31. d5 Kf6 32. Nxg4+ Kf5 33. f3
h5 34. Nf2 exf3 35. gxf3 Nd7 36. Bd4 g5 37. e4+ Kg6 38. Nd3 Ra8 39. Nb2 Rc8 40.
Nc4 a4 41. Kg2 axb3 42. axb3 Rb8 43. Nd2 Rc8 44. Nc4 Rb8 45. Nd2 Rc8 46. Nc4
1/2-1/2

[Event "Isthmia 2011"]
[Site "Vrachati"]
[Date "2011.08.23"]
[Round "7.14"]
[White "Galopoulos, Nikolaos"]
[Black "Papadimitriou, Athanasios"]
[Result "1/2-1/2"]
[WhiteElo "2327"]
[BlackElo "2184"]
[PlyCount "78"]
[EventDate "2011.08.18"]

1. d4 d5 2. c4 dxc4 3. Nf3 Nf6 4. e3 g6 5. Bxc4 Bg7 6. O-O O-O 7. Nc3 Nc6 8. h3
Bf5 9. g4 Bd7 10. Ne5 Nxe5 11. dxe5 Ne8 12. f4 e6 13. b3 Nd6 14. Be2 Bc6 15.
Qc2 Nc8 16. b4 a6 17. Ne4 Nb6 18. Nc5 Qd5 19. Bf3 Qc4 20. Qxc4 Nxc4 21. Bxc6
bxc6 22. Rf2 Rfd8 23. Rc2 Rd1+ 24. Kf2 Nxe5 25. fxe5 Bxe5 26. Bb2 Rxa1 27. Bxe5
Rh1 28. Nb3 Rxh3 29. Rxc6 h5 30. g5 Rh4 31. Nd4 Rg4 32. Rxc7 Rxg5 33. Nf3 Rg4
34. Bd4 h4 35. Ne5 Rg5 36. Kf3 Rg3+ 37. Kf2 Rg5 38. Kf3 Rg3+ 39. Kf2 Rg5
1/2-1/2

[Event "Isthmia 2011"]
[Site "Vrachati"]
[Date "2011.08.23"]
[Round "7.15"]
[White "Nikolaidis, Konstantinos"]
[Black "Spirakopoulos, Ioannis"]
[Result "1-0"]
[WhiteElo "2274"]
[BlackElo "2155"]
[PlyCount "69"]
[EventDate "2011.08.18"]

1. d4 Nf6 2. c4 g6 3. Nc3 Bg7 4. e4 d6 5. Nf3 O-O 6. Be2 e5 7. O-O Nc6 8. d5
Ne7 9. b4 a5 10. Ba3 axb4 11. Bxb4 b6 12. a4 Re8 13. Ne1 Bb7 14. Nc2 Nd7 15.
Na3 f5 16. Bd3 Nf6 17. Nab5 c5 18. dxc6 Nxc6 19. Bxd6 Nd4 20. Bc7 Qd7 21. Bxb6
fxe4 22. Be2 Nh5 23. Bxh5 gxh5 24. Nc7 Rf8 25. Nxa8 Nf3+ 26. Kh1 Qf5 27. Be3
Qf6 28. gxf3 exf3 29. Nb6 Qh4 30. Rg1 Kh8 31. Rxg7 Kxg7 32. Qd7+ Kh8 33. Rg1
Rg8 34. Rxg8+ Kxg8 35. Qe6+ 1-0

[Event "Isthmia 2011"]
[Site "Vrachati"]
[Date "2011.08.23"]
[Round "7.16"]
[White "Michelakos, Panagiotis"]
[Black "Gogolis, Alexandros"]
[Result "1/2-1/2"]
[WhiteElo "2111"]
[BlackElo "2261"]
[PlyCount "73"]
[EventDate "2011.08.18"]

1. d4 Nf6 2. c4 g6 3. Nc3 Bg7 4. Nf3 O-O 5. g3 d6 6. Bg2 Nc6 7. O-O Bg4 8. h3
Bxf3 9. Bxf3 Nd7 10. e3 e5 11. d5 Ne7 12. e4 f5 13. Bg2 f4 14. Rb1 a5 15. a3
Bh6 16. b4 axb4 17. axb4 Kg7 18. Nb5 Ng8 19. Qd3 fxg3 20. fxg3 Rxf1+ 21. Bxf1
Bxc1 22. Rxc1 b6 23. Rc2 Ngf6 24. Bg2 Ra1+ 25. Kh2 h5 26. Qc3 Ra8 27. Bf3 Ne8
28. h4 Nef6 29. Qe3 Nh7 30. Kg2 Ra4 31. Qb3 Ra8 32. Ra2 Rxa2+ 33. Qxa2 Nhf6 34.
Qa7 Ne8 35. Qb7 Ndf6 36. Qc6 Qe7 37. Qa8 1/2-1/2

[Event "Isthmia 2011"]
[Site "Vrachati"]
[Date "2011.08.23"]
[Round "7.17"]
[White "Rigopoulos-Tsigkos, Alexandros"]
[Black "Filippas, Sebastian"]
[Result "0-1"]
[WhiteElo "2041"]
[BlackElo "2246"]
[PlyCount "54"]
[EventDate "2011.08.18"]

1. e4 c5 2. Nf3 d6 3. d4 cxd4 4. Qxd4 Nc6 5. Bb5 Bd7 6. Bxc6 Bxc6 7. Nc3 h6 8.
Be3 e5 9. Qd3 Nf6 10. h3 Be7 11. g4 b5 12. g5 hxg5 13. Bxg5 b4 14. Nd5 Bxd5 15.
Bxf6 Bxe4 16. Qxe4 Bxf6 17. Qc6+ Ke7 18. O-O-O g6 19. Rhe1 Rc8 20. Qe4 Qb6 21.
Rd4 a5 22. Red1 Qc6 23. Rd5 Rxh3 24. Nd4 Qc4 25. Rxa5 Kf8 26. b3 Qc7 27. Qg4
exd4 0-1

[Event "Isthmia 2011"]
[Site "Vrachati"]
[Date "2011.08.23"]
[Round "7.18"]
[White "Azis, Azizis Ektoras"]
[Black "Xylogiannopoulos, Antonios"]
[Result "1-0"]
[WhiteElo "2246"]
[BlackElo "2104"]
[PlyCount "79"]
[EventDate "2011.08.18"]

1. d4 d5 2. Nf3 Nf6 3. c3 Bf5 4. Qb3 Qc8 5. Bf4 Nbd7 6. Nh4 Be6 7. Nd2 h6 8.
Nhf3 Bf5 9. Ne5 e6 10. Nxd7 Nxd7 11. f3 Nf6 12. g4 Bg6 13. e3 Be7 14. h4 a5 15.
a4 O-O 16. h5 Bh7 17. g5 hxg5 18. Bxg5 c5 19. h6 g6 20. Bb5 Qc7 21. O-O-O Nh5
22. Rdg1 Bxg5 23. Rxg5 c4 24. Qd1 Ng3 25. Rg1 Nf5 26. Qe1 Nd6 27. Qh4 Qd8 28.
Qg3 Nxb5 29. axb5 Kh8 30. e4 a4 31. Nb1 a3 32. Nxa3 Rxa3 33. bxa3 Qa5 34. Kd2
Qxb5 35. Rc1 Qb6 36. e5 f6 37. exf6 Rxf6 38. Qb8+ Bg8 39. Qe5 Qd8 40. Rxg6 1-0

[Event "Isthmia 2011"]
[Site "Vrachati"]
[Date "2011.08.23"]
[Round "7.19"]
[White "Kelires, Andreas"]
[Black "Tsekouras, Theodoros"]
[Result "0-1"]
[WhiteElo "1825"]
[BlackElo "2223"]
[PlyCount "104"]
[EventDate "2011.08.18"]

1. e4 e5 2. Nf3 Nc6 3. Bb5 a6 4. Bxc6 dxc6 5. d4 exd4 6. Qxd4 Qxd4 7. Nxd4 Bd7
8. Be3 O-O-O 9. Nd2 Ne7 10. O-O-O Re8 11. Rhe1 Ng6 12. f3 c5 13. Ne2 Nh4 14.
Rg1 f5 15. Bf2 Ng6 16. Rge1 fxe4 17. Nxe4 b6 18. Bg3 Be7 19. Nf4 Nxf4 20. Bxf4
Bd8 21. Ng5 h6 22. Nf7 Rxe1 23. Rxe1 Rf8 24. Nxd8 Rxf4 25. Ne6 Rf7 26. Kd2 Bc6
27. g3 Bxf3 28. Nf4 Rd7+ 29. Ke3 Bc6 30. Nd3 Rd4 31. Rf1 Re4+ 32. Kd2 Re7 33.
Re1 Rxe1 34. Kxe1 Be4 35. Ke2 c4 36. Ne1 Kd7 37. Ke3 Bb7 38. Nf3 Ke6 39. Nd2
Bd5 40. Kd4 c5+ 41. Ke3 c3 42. bxc3 Bxa2 43. c4 a5 44. Kd3 a4 45. Kc3 a3 46.
Nb3 Bb1 47. Nc1 a2 48. Kb2 Ke5 49. Nxa2 Bxa2 50. Kxa2 Kd4 51. Kb3 h5 52. h4 g6
0-1

[Event "Isthmia 2011"]
[Site "Vrachati"]
[Date "2011.08.23"]
[Round "7.20"]
[White "Theodorou, Nikolas"]
[Black "Kokolias, Konstantinos"]
[Result "1/2-1/2"]
[WhiteElo "1859"]
[BlackElo "2205"]
[PlyCount "115"]
[EventDate "2011.08.18"]

1. c4 c6 2. Nc3 d5 3. cxd5 cxd5 4. d4 e5 5. e3 exd4 6. exd4 Nf6 7. Bd3 Nc6 8.
Nge2 Be7 9. O-O O-O 10. Bg5 Bg4 11. f3 Bh5 12. Nf4 Bg6 13. Bxg6 hxg6 14. Kh1
Qd7 15. Qd2 Qf5 16. Bxf6 Bxf6 17. Ncxd5 Bg5 18. Qd3 Qxd3 19. Nxd3 Rfd8 20. Nc3
Nxd4 21. f4 Bf6 22. Nf2 Nc2 23. Rac1 Bxc3 24. Rxc2 Bd2 25. g3 Rac8 26. Rxc8
Rxc8 27. Ne4 Bb4 28. Kg2 Kf8 29. a3 Be7 30. Rf2 Rc6 31. Rd2 Rb6 32. b4 Ke8 33.
Rd3 Rc6 34. Kf3 Rc2 35. Rd2 Rxd2 36. Nxd2 Kd7 37. Nc4 Kc6 38. Na5+ Kb5 39. Nxb7
Ka4 40. Na5 a6 41. Nc6 Bd6 42. Na5 Bc7 43. Nb7 Bb6 44. Ke4 Kxa3 45. Nc5 Kxb4
46. Nxa6+ Kc4 47. Nb8 f5+ 48. Kf3 Kd5 49. Nd7 Bc5 50. g4 Bd6 51. g5 Kc6 52.
Ne5+ Bxe5 53. fxe5 Kd5 54. Kf4 Ke6 55. h4 Kf7 56. Kf3 Ke7 57. Ke3 Kd7 58. Kf3
1/2-1/2

[Event "Isthmia 2011"]
[Site "Vrachati"]
[Date "2011.08.23"]
[Round "7.21"]
[White "Pavlidou, Ekaterini"]
[Black "Sideris, Theodoros"]
[Result "1-0"]
[WhiteElo "2220"]
[BlackElo "2050"]
[PlyCount "107"]
[EventDate "2011.08.18"]

1. d4 Nf6 2. c4 c5 3. d5 b5 4. cxb5 a6 5. bxa6 Bxa6 6. Nc3 g6 7. Nf3 Bg7 8. g3
O-O 9. Bg2 d6 10. O-O Nbd7 11. Qc2 Qa5 12. Rd1 Rfb8 13. Rb1 Ne8 14. Bg5 Ndf6
15. e4 h6 16. Bd2 Ng4 17. h3 Ne5 18. Nxe5 dxe5 19. Bf1 Bxf1 20. Rxf1 Nd6 21. b3
c4 22. b4 Qc7 23. a4 f5 24. a5 Qd7 25. Kh2 fxe4 26. Nxe4 Qf5 27. f3 Rc8 28.
Rbc1 Nb5 29. Nc5 Nd6 30. Qxf5 gxf5 31. Rfe1 Nb5 32. Rxc4 Rd8 33. Be3 Rxd5 34.
Ne6 Bf6 35. Nc7 Nxc7 36. Rxc7 Rd3 37. Kg2 Rb3 38. Bc5 Rb2+ 39. Kf1 Kf7 40. Re2
Rb1+ 41. Kg2 h5 42. Ra2 e4 43. fxe4 fxe4 44. Re2 Rb3 45. Rxe4 Rd8 46. Re3 Rb2+
47. Kf3 Bg5 48. Bxe7 Bxe7 49. Rcxe7+ Kf8 50. Rb7 Kg8 51. g4 hxg4+ 52. hxg4 Rf8+
53. Kg3 Ra8 54. a6 1-0

[Event "Isthmia 2011"]
[Site "Vrachati"]
[Date "2011.08.23"]
[Round "7.22"]
[White "Lappas, Konstantinos"]
[Black "Lommers, Frank"]
[Result "1/2-1/2"]
[WhiteElo "1972"]
[BlackElo "2176"]
[PlyCount "115"]
[EventDate "2011.08.18"]

1. e4 e5 2. Nf3 Nc6 3. d4 exd4 4. Nxd4 Bc5 5. Nxc6 Qf6 6. Qf3 bxc6 7. Bc4 d6 8.
Nc3 Bd4 9. Qxf6 Nxf6 10. f3 Rb8 11. Na4 d5 12. c3 Be5 13. exd5 cxd5 14. Bb3 Ba6
15. Be3 Bb5 16. O-O-O O-O 17. g3 Be2 18. Rde1 Bxf3 19. Rhf1 Bg2 20. Rg1 Be4 21.
Bxa7 Ra8 22. Bd4 Ng4 23. Nc5 Rfe8 24. Nxe4 Bxd4 25. cxd4 dxe4 26. Bd5 Ra5 27.
Bxe4 Rxa2 28. Bb1 Raa8 29. h4 g6 30. Rxe8+ Rxe8 31. Rd1 Nf2 32. Rd2 Re1+ 33.
Kc2 Ne4 34. Rg2 f5 35. Ba2+ Kg7 36. Bd5 Kf6 37. b4 h6 38. b5 g5 39. hxg5+ Kxg5
40. Bxe4 Rxe4 41. Kd3 h5 42. Rb2 Kg4 43. Rh2 Re1 44. Rh4+ Kxg3 45. Rxh5 f4 46.
Rh7 f3 47. Rxc7 f2 48. Rf7 f1=Q+ 49. Rxf1 Rxf1 50. Kc4 Kf4 51. Kc5 Ke4 52. b6
Rf5+ 53. Kc6 Rf6+ 54. Kc7 Kd5 55. b7 Rf7+ 56. Kb6 Rf8 57. Kc7 Rf7+ 58. Kb6
1/2-1/2

[Event "Isthmia 2011"]
[Site "Vrachati"]
[Date "2011.08.23"]
[Round "7.23"]
[White "Kostouros, Alexandros"]
[Black "Amiridou, Dimitra"]
[Result "1-0"]
[WhiteElo "2166"]
[BlackElo "1664"]
[PlyCount "61"]
[EventDate "2011.08.18"]

1. e4 e6 2. d4 d5 3. exd5 exd5 4. Bd3 c5 5. Nf3 Nf6 6. O-O c4 7. Be2 Be7 8. b3
cxb3 9. axb3 O-O 10. c4 Ne4 11. cxd5 Qxd5 12. Bc4 Qd8 13. Re1 Bf5 14. Ba3 Bxa3
15. Nxa3 Nc6 16. d5 Na5 17. Nd4 Bg6 18. Qf3 Nxc4 19. bxc4 Re8 20. Nf5 Bxf5 21.
Qxf5 Nd6 22. Rxe8+ Qxe8 23. Qf4 Rd8 24. c5 Nb5 25. Nxb5 Qxb5 26. Qc7 Re8 27. d6
Qa4 28. Rf1 Qd4 29. h3 g6 30. d7 Rf8 31. Re1 1-0

[Event "Isthmia 2011"]
[Site "Vrachati"]
[Date "2011.08.23"]
[Round "7.24"]
[White "Papasimakopoulos, Alexandros"]
[Black "Kasparova, Tatiana"]
[Result "0-1"]
[WhiteElo "1835"]
[BlackElo "2129"]
[PlyCount "96"]
[EventDate "2011.08.18"]

1. e4 c6 2. d4 d5 3. exd5 cxd5 4. Bd3 Nc6 5. c3 Qc7 6. Na3 a6 7. Nc2 Nf6 8. Bg5
Bg4 9. Qd2 Bh5 10. Ne3 e6 11. Ne2 Bd6 12. h3 Bg6 13. Bxf6 gxf6 14. O-O-O O-O-O
15. Kb1 Kb8 16. Rhf1 Rhg8 17. f4 Ne7 18. Rf2 Be4 19. Bxe4 dxe4 20. f5 exf5 21.
Nxf5 Nxf5 22. Rxf5 Rxg2 23. Qe3 Qc4 24. Nc1 Qe6 25. Rdf1 Rg3 26. Qe1 e3 27.
Rxf6 Qe4+ 28. Ka1 Rg2 29. Rg1 Rxg1 30. Qxg1 Qe7 31. Qf1 Rf8 32. Qf3 Bc7 33. Ne2
Qd7 34. Rf5 f6 35. a3 Ka7 36. h4 Qa4 37. Qxe3 Re8 38. Qd3 Qd7 39. Rh5 Qg4 40.
Rxh7 Rxe2 41. Rxc7 Qg2 42. Qb1 Qg3 43. Qh7 Qg2 44. Qb1 Rf2 45. Re7 f5 46. Re5
f4 47. Qe4 f3 48. Qb1 Rf1 0-1

[Event "Isthmia 2011"]
[Site "Vrachati"]
[Date "2011.08.23"]
[Round "7.25"]
[White "Spiropoulos, Panagiotis"]
[Black "Fragkos, Vasilios"]
[Result "1/2-1/2"]
[WhiteElo "2086"]
[BlackElo "2022"]
[PlyCount "65"]
[EventDate "2011.08.18"]

1. e4 c5 2. Nf3 d6 3. d4 cxd4 4. Nxd4 Nf6 5. Nc3 e5 6. Bb5+ Bd7 7. Bxd7+ Qxd7
8. Nde2 Nc6 9. O-O Be7 10. Ng3 g6 11. Bg5 O-O 12. Bxf6 Bxf6 13. Nd5 Bg7 14. c3
Ne7 15. Qd3 Nxd5 16. Qxd5 Rac8 17. Rfd1 Rfd8 18. c4 Rc5 19. Qd3 b5 20. cxb5
Rxb5 21. b3 d5 22. a4 Rb4 23. Qxd5 Qxd5 24. Rxd5 Rxd5 25. exd5 Rd4 26. Rc1 Rxd5
27. Kf1 Bf8 28. Rc7 a5 29. Ne4 Rd3 30. Nf6+ Kg7 31. Ne8+ Kg8 32. Nf6+ Kg7 33.
Ne8+ 1/2-1/2

[Event "Isthmia 2011"]
[Site "Vrachati"]
[Date "2011.08.23"]
[Round "7.26"]
[White "Hrisanthopoulos, Dimitrios"]
[Black "Zeppos, Panagiotis"]
[Result "1/2-1/2"]
[WhiteElo "2076"]
[BlackElo "1949"]
[PlyCount "40"]
[EventDate "2011.08.18"]

1. e4 c5 2. Nf3 d6 3. d4 cxd4 4. Nxd4 Nf6 5. Nc3 a6 6. Be3 e5 7. Nb3 Be6 8. Qd2
Nbd7 9. O-O-O Be7 10. Kb1 b5 11. f4 b4 12. Nd5 Nxe4 13. Qxb4 Bxd5 14. Rxd5 Nef6
15. Ra5 Qc7 16. Bxa6 O-O 17. Qb7 Qd8 18. Qf3 Qc7 19. Qb7 Qd8 20. Qf3 Qc7
1/2-1/2

[Event "Isthmia 2011"]
[Site "Vrachati"]
[Date "2011.08.23"]
[Round "7.27"]
[White "Naoum, Spyridon"]
[Black "Skiadopoulos, Nikolaos"]
[Result "1-0"]
[WhiteElo "1999"]
[BlackElo "2111"]
[PlyCount "63"]
[EventDate "2011.08.18"]

1. d4 Nf6 2. Nf3 c5 3. c4 cxd4 4. Nxd4 e5 5. Nb5 d5 6. cxd5 Bc5 7. e3 O-O 8.
N5c3 e4 9. Nd2 Re8 10. Be2 Nbd7 11. a3 a5 12. Nb3 Bd6 13. Nd4 Ne5 14. b3 Bd7
15. Bb2 Qe7 16. Ndb5 Bg4 17. O-O Bxe2 18. Nxe2 Nd3 19. Bxf6 Qxf6 20. Nxd6 Qxd6
21. Nc3 f5 22. Qd2 Rec8 23. Ra2 Ra6 24. f3 Qc5 25. Rc2 b5 26. fxe4 fxe4 27. d6
Rac6 28. d7 Rd8 29. Nd5 Qxc2 30. Qxa5 Rxd7 31. Ne7+ Kh8 32. Rf8# 1-0

[Event "Isthmia 2011"]
[Site "Vrachati"]
[Date "2011.08.23"]
[Round "7.28"]
[White "Pountzas, Hrisanthos"]
[Black "Bellos, Ioannis"]
[Result "1-0"]
[WhiteElo "2177"]
[BlackElo "1944"]
[PlyCount "77"]
[EventDate "2011.08.18"]

1. c4 e5 2. g3 Nc6 3. Bg2 f5 4. Nc3 Nf6 5. Nf3 e4 6. Ng5 Bc5 7. O-O O-O 8. d3
h6 9. Nh3 exd3 10. Qxd3 d6 11. Nf4 Ne5 12. Qc2 c6 13. Na4 Bb4 14. b3 Ba5 15.
Ba3 Bc7 16. Rad1 Re8 17. Bxd6 Bxd6 18. c5 g5 19. Nh3 Nf7 20. cxd6 Ne4 21. d7
Bxd7 22. Bxe4 fxe4 23. Nc5 Re7 24. Nxe4 Qc8 25. Nf6+ Kg7 26. Nxd7 Rxd7 27. Kg2
Re7 28. f3 Qe6 29. Rfe1 Rae8 30. Qc3+ Kg8 31. Nf2 Nd6 32. Qd3 Nf5 33. e4 Ng7
34. Qd6 Qf7 35. Qxh6 Rf8 36. Rd3 Ne6 37. Ng4 Ng7 38. Qxg5 Rd7 39. Nh6+ 1-0

[Event "Isthmia 2011"]
[Site "Vrachati"]
[Date "2011.08.23"]
[Round "7.29"]
[White "Asimakopoulos, Konstantinos"]
[Black "Skouvaklis, Alexis"]
[Result "1/2-1/2"]
[WhiteElo "1929"]
[BlackElo "2084"]
[PlyCount "65"]
[EventDate "2011.08.18"]

1. e4 c5 2. Nf3 d6 3. d4 Nf6 4. Nc3 cxd4 5. Nxd4 a6 6. Be3 Ng4 7. Bc1 Nf6 8.
Be3 e6 9. Be2 Nbd7 10. Nb3 b5 11. a3 Bb7 12. f3 Qc7 13. O-O d5 14. exd5 Nxd5
15. Nxd5 Bxd5 16. f4 Bd6 17. Nd4 Qb7 18. Bf3 Nf6 19. Ne2 O-O 20. Nc3 Bxf3 21.
Qxf3 Qxf3 22. Rxf3 Ng4 23. Bd4 e5 24. fxe5 Bxe5 25. Bxe5 Nxe5 26. Rf2 Rad8 27.
Re2 Rfe8 28. b3 Rc8 29. Rae1 Rxc3 30. Rxe5 Rxe5 31. Rxe5 f6 32. Re2 Kf7 33. Kf2
1/2-1/2

[Event "Isthmia 2011"]
[Site "Vrachati"]
[Date "2011.08.23"]
[Round "7.30"]
[White "Linos, Efstathios"]
[Black "Sverkounos, Spyridon"]
[Result "1/2-1/2"]
[WhiteElo "1875"]
[BlackElo "2051"]
[PlyCount "116"]
[EventDate "2011.08.18"]

1. e4 c5 2. Nf3 d6 3. d4 cxd4 4. Qxd4 Bd7 5. Bc4 Nc6 6. Qe3 Nf6 7. Nc3 e6 8.
Bd2 Be7 9. h3 a6 10. O-O O-O 11. Rfd1 Qc7 12. Bb3 Rfd8 13. Na4 b5 14. Nb6 Rab8
15. Nxd7 Nxd7 16. Rac1 Na5 17. Bxa5 Qxa5 18. Nd4 Rbc8 19. c4 b4 20. f4 Bf6 21.
g4 h6 22. Rc2 Bxd4 23. Qxd4 Qc5 24. Rcd2 Qxd4+ 25. Rxd4 Nc5 26. Rxd6 Rxd6 27.
Rxd6 Nxe4 28. Rxa6 Nd2 29. Rb6 Nxc4 30. Rxb4 Nxb2 31. Rd4 Rc3 32. Rd2 Nc4 33.
Rd8+ Kh7 34. Rc8 Rg3+ 35. Kh2 Nd6 36. Bc2+ g6 37. Rc6 Ra3 38. Rxd6 Rxa2 39. Rd2
Ra7 40. Bd1 Kg7 41. Kg3 Ra3+ 42. Bf3 Ra7 43. h4 Rc7 44. Re2 Rc5 45. Re5 Rc3 46.
h5 gxh5 47. Rxh5 Rc1 48. f5 exf5 49. Rxf5 Rc7 50. Bd5 Kg6 51. Kf4 Re7 52. Be4
Kg7 53. Rb5 Rc7 54. Rb7 Rxb7 55. Bxb7 f6 56. Bc6 h5 57. gxh5 f5 58. Kxf5 Kh8
1/2-1/2

[Event "Isthmia 2011"]
[Site "Vrachati"]
[Date "2011.08.24"]
[Round "8.1"]
[White "Tiviakov, Sergei"]
[Black "Volkov, Sergey"]
[Result "1/2-1/2"]
[WhiteElo "2623"]
[BlackElo "2607"]
[PlyCount "58"]
[EventDate "2011.08.18"]

1. e4 e6 2. d4 d5 3. Nd2 Nf6 4. e5 Nfd7 5. c3 c5 6. Bd3 Nc6 7. Ne2 cxd4 8. cxd4
f6 9. exf6 Nxf6 10. O-O Bd6 11. Nf3 O-O 12. Bf4 Bxf4 13. Nxf4 Ne4 14. Qc1 Ng5
15. Nxg5 Qxg5 16. Bxh7+ Kxh7 17. Nxe6 Qf6 18. Nxf8+ Qxf8 19. Qg5 Qf5 20. Qh4+
Kg8 21. Rae1 Be6 22. Re3 Rf8 23. h3 Qg6 24. Rfe1 Rf6 25. Rg3 Qf7 26. Rg5 Rf4
27. Qh6 Rf6 28. Qh4 Rf4 29. Qh6 Rf6 1/2-1/2

[Event "Isthmia 2011"]
[Site "Vrachati"]
[Date "2011.08.24"]
[Round "8.2"]
[White "Svetushkin, Dmitry"]
[Black "Solak, Dragan"]
[Result "1/2-1/2"]
[WhiteElo "2576"]
[BlackElo "2598"]
[PlyCount "23"]
[EventDate "2011.08.18"]

1. e4 c6 2. Nc3 d5 3. Nf3 Bg4 4. h3 Bxf3 5. Qxf3 Nf6 6. g3 e6 7. a3 Nxe4 8.
Nxe4 dxe4 9. Qxe4 Qd5 10. Bg2 Qxe4+ 11. Bxe4 Nd7 12. O-O 1/2-1/2

[Event "Isthmia 2011"]
[Site "Vrachati"]
[Date "2011.08.24"]
[Round "8.3"]
[White "Mastrovasilis, Athanasios"]
[Black "Baklan, Vladimir"]
[Result "1/2-1/2"]
[WhiteElo "2537"]
[BlackElo "2620"]
[PlyCount "55"]
[EventDate "2011.08.18"]

1. d4 Nf6 2. c4 g6 3. Nc3 Bg7 4. e4 d6 5. Bd3 O-O 6. Nge2 Nbd7 7. Ng3 h5 8. h3
e5 9. d5 h4 10. Nge2 Nh5 11. Rb1 a5 12. Bc2 f5 13. a3 Nb6 14. b3 Bd7 15. Bd3
Nf4 16. Nxf4 exf4 17. Bd2 a4 18. Qf3 axb3 19. Rxb3 fxe4 20. Nxe4 Ba4 21. Rxb6
cxb6 22. O-O Be8 23. Bb4 Be5 24. Re1 Kg7 25. Bc2 Kh6 26. Qd3 Rg8 27. Qf3 Rc8
28. Bd3 1/2-1/2

[Event "Isthmia 2011"]
[Site "Vrachati"]
[Date "2011.08.24"]
[Round "8.4"]
[White "Del Rio De Angelis, Salvador G"]
[Black "Atalik, Suat"]
[Result "1-0"]
[WhiteElo "2509"]
[BlackElo "2619"]
[PlyCount "137"]
[EventDate "2011.08.18"]

1. d4 Nf6 2. c4 g6 3. Nc3 Bg7 4. e4 d6 5. Nf3 O-O 6. Be2 e5 7. O-O Nc6 8. d5
Ne7 9. Ne1 Nd7 10. Be3 f5 11. f3 f4 12. Bf2 g5 13. Nd3 Nf6 14. c5 Ng6 15. Rc1
a6 16. Na4 g4 17. fxg4 Nxe4 18. Bf3 Ng5 19. Re1 e4 20. Bxe4 Nxe4 21. Rxe4 Qg5
22. h3 Qxd5 23. Qb3 Qxb3 24. axb3 d5 25. Ree1 Bd7 26. c6 Bxc6 27. Nac5 Bb5 28.
Nb4 Bxb2 29. Rc2 Be5 30. Nxd5 Rad8 31. Nc3 Rd2 32. Rxd2 Bxc3 33. Red1 Bxd2 34.
Rxd2 Bc6 35. Ne6 Rc8 36. h4 h6 37. Rd4 f3 38. h5 Nf8 39. Nd8 Bd7 40. Nxb7 fxg2
41. Na5 Bb5 42. Kxg2 Ne6 43. Re4 Ng5 44. Re7 Rf8 45. Be3 Bf1+ 46. Kg1 Bh3 47.
Bxg5 hxg5 48. Re5 Rf7 49. Rxg5+ Rg7 50. Rxg7+ Kxg7 51. g5 Bg4 52. h6+ Kh7 53.
Kf2 c5 54. Nb7 Kg6 55. Kg3 Be6 56. Nxc5 Bg8 57. Kg4 a5 58. Kf4 Bd5 59. Ke5 Bf3
60. Ke6 Bd1 61. Ke7 Bc2 62. Ne6 Kh7 63. Nd4 Be4 64. Kf6 Bd5 65. Ne6 Bxb3 66.
Nf8+ Kh8 67. g6 Bc2 68. h7 Bxg6 69. Kxg6 1-0

[Event "Isthmia 2011"]
[Site "Vrachati"]
[Date "2011.08.24"]
[Round "8.5"]
[White "Banikas, Hristos"]
[Black "Javakhishvili, Lela"]
[Result "1/2-1/2"]
[WhiteElo "2593"]
[BlackElo "2469"]
[PlyCount "29"]
[EventDate "2011.08.18"]

1. c4 e5 2. Nc3 Nc6 3. g3 g6 4. Bg2 Bg7 5. Rb1 d6 6. b4 Nf6 7. d3 O-O 8. Bg5 h6
9. Bxf6 Bxf6 10. e3 h5 11. Nge2 h4 12. Nd5 Bg5 13. f4 Bh6 14. O-O Ne7 15. b5
1/2-1/2

[Event "Isthmia 2011"]
[Site "Vrachati"]
[Date "2011.08.24"]
[Round "8.6"]
[White "Shanava, Konstantine"]
[Black "Burmakin, Vladimir"]
[Result "1-0"]
[WhiteElo "2535"]
[BlackElo "2579"]
[PlyCount "67"]
[EventDate "2011.08.18"]

1. e4 c6 2. d4 d5 3. exd5 cxd5 4. c4 Nf6 5. Nc3 g6 6. Qb3 Bg7 7. cxd5 O-O 8.
Nge2 Nbd7 9. g3 Nb6 10. Bg2 Bf5 11. O-O Qd7 12. a4 Nc8 13. Rd1 Nd6 14. Nf4 Rfc8
15. a5 Rab8 16. Nd3 Bh3 17. Ne5 Qf5 18. Rd3 Bxg2 19. Kxg2 Ng4 20. Rf3 Qh5 21.
h3 Nxe5 22. dxe5 Bxe5 23. Ra4 Bxc3 24. bxc3 Rc5 25. c4 Rbc8 26. Ba3 Rxc4 27.
Rxc4 Nxc4 28. Qxb7 Rd8 29. d6 Ne5 30. dxe7 Re8 31. Re3 f6 32. Qd5+ Kg7 33. Qb5
Kf7 34. f4 1-0

[Event "Isthmia 2011"]
[Site "Vrachati"]
[Date "2011.08.24"]
[Round "8.7"]
[White "Nikolaidis, Ioannis"]
[Black "Shoker, Samy"]
[Result "1-0"]
[WhiteElo "2545"]
[BlackElo "2475"]
[PlyCount "63"]
[EventDate "2011.08.18"]

1. d4 d6 2. c4 g6 3. e4 Bg7 4. Nc3 Nf6 5. Be2 O-O 6. Nf3 e5 7. O-O exd4 8. Nxd4
Re8 9. f3 Nh5 10. Be3 f5 11. Qd2 f4 12. Bf2 Be5 13. Rfd1 Qf6 14. Rac1 Na6 15.
b4 c5 16. Ndb5 b6 17. a3 Rd8 18. Nd5 Qf7 19. Bh4 Rd7 20. Ne7+ Kg7 21. Nc6 Nb8
22. Nxe5 dxe5 23. Nd6 Qe6 24. Qd5 Qxd5 25. Rxd5 Nc6 26. Nxc8 Rxd5 27. cxd5 Nd4
28. Ba6 Rxc8 29. Bxc8 Ne2+ 30. Kf1 Nxc1 31. bxc5 Nf6 32. c6 1-0

[Event "Isthmia 2011"]
[Site "Vrachati"]
[Date "2011.08.24"]
[Round "8.8"]
[White "Peralta, Fernando"]
[Black "Nikolaidis, Konstantinos"]
[Result "1-0"]
[WhiteElo "2601"]
[BlackElo "2274"]
[PlyCount "85"]
[EventDate "2011.08.18"]

1. d4 Nf6 2. c4 e6 3. Nc3 Bb4 4. e3 O-O 5. Bd3 d5 6. Nf3 c5 7. O-O Nc6 8. a3
Bxc3 9. bxc3 Qc7 10. cxd5 exd5 11. a4 Re8 12. Ba3 c4 13. Bc2 Ne4 14. Bxe4 Rxe4
15. Nd2 Re8 16. e4 Be6 17. e5 Qd7 18. f4 g6 19. h3 h5 20. Ra2 Kg7 21. Nf3 Ne7
22. Bxe7 Rxe7 23. Qe1 Ree8 24. Qh4 Qd8 25. Qg3 Rg8 26. f5 Bxf5 27. Ng5 Qd7 28.
Raf2 Raf8 29. Rxf5 gxf5 30. Ne6+ Kh8 31. Nxf8 Rxg3 32. Nxd7 Rxc3 33. Rxf5 Kg7
34. Nf6 Kg6 35. Nxd5 Ra3 36. Rf3 Rxa4 37. Nc3 Ra5 38. d5 Rc5 39. d6 Rc8 40. Kf2
a6 41. Ke3 b5 42. Kd4 Rb8 43. Nd5 1-0

[Event "Isthmia 2011"]
[Site "Vrachati"]
[Date "2011.08.24"]
[Round "8.9"]
[White "Filippas, Sebastian"]
[Black "Kotronias, Vasilios"]
[Result "1/2-1/2"]
[WhiteElo "2246"]
[BlackElo "2588"]
[PlyCount "20"]
[EventDate "2011.08.18"]

1. d4 Nf6 2. c4 g6 3. Nc3 Bg7 4. e4 d6 5. Nf3 O-O 6. Be2 e5 7. Be3 c6 8. d5 Na6
9. Nd2 Ne8 10. g4 f5 1/2-1/2

[Event "Isthmia 2011"]
[Site "Vrachati"]
[Date "2011.08.24"]
[Round "8.10"]
[White "Tsekouras, Theodoros"]
[Black "Rozentalis, Eduardas"]
[Result "0-1"]
[WhiteElo "2223"]
[BlackElo "2571"]
[PlyCount "56"]
[EventDate "2011.08.18"]

1. d4 Nf6 2. c4 e6 3. g3 Bb4+ 4. Bd2 a5 5. Bg2 d5 6. Nf3 Nc6 7. O-O dxc4 8. Bg5
O-O 9. e3 h6 10. Bxf6 Qxf6 11. a3 Bd6 12. Nbd2 e5 13. d5 Ne7 14. Nxc4 Bg4 15.
e4 Rfd8 16. Qb3 c6 17. dxc6 Nxc6 18. Nb6 a4 19. Qe3 Ra5 20. Nd5 Qe6 21. Rac1
Rb5 22. Nd2 Rxb2 23. Rb1 Ra2 24. Rxb7 Nd4 25. Nc4 Bc5 26. Qe1 Bf3 27. Qa5 Ne2+
28. Kh1 Nxg3+ 0-1

[Event "Isthmia 2011"]
[Site "Vrachati"]
[Date "2011.08.24"]
[Round "8.11"]
[White "Kapnisis, Spyridon"]
[Black "Skembris, Spyridon"]
[Result "1/2-1/2"]
[WhiteElo "2529"]
[BlackElo "2475"]
[PlyCount "22"]
[EventDate "2011.08.18"]

1. e4 e5 2. Nf3 Nc6 3. Bb5 a6 4. Ba4 Nf6 5. O-O Be7 6. d3 b5 7. Bb3 d6 8. a4
Bd7 9. c3 O-O 10. Nbd2 Na5 11. Bc2 c5 1/2-1/2